El Método cuentas claras (Record no. 58874)
[ view plain ]
| 000 -LEADER | |
|---|---|
| campo de control de longitud fija | 00252nam a22000977a 4500 |
| 020 ## - NÚMERO INTERNACIONAL ESTÁNDAR DEL LIBRO | |
| Número Internacional Estándar del Libro | 9789945649550 |
| 100 1# - ENTRADA PRINCIPAL--NOMBRE DE PERSONA | |
| Nombre de persona | Mora, Jenif fer |
| -- | 87607 |
| 245 03 - MENCIÓN DEL TÍTULO | |
| Título | El Método cuentas claras |
| 264 ## - PRODUCCIÓN, PUBLICACIÓN, DISTRIBUCIÓN, FABRICACIÓN Y COPYRIGHT | |
| Producción, publicación | Santo Domingo : |
| Nombre del de productor, editor, distribuidor, fabricante | Printbarato, |
| Fecha de producción, publicación, distribución, fabricación o copyright | 2024. |
| 300 ## - DESCRIPCIÓN - FÍSICA | |
| Extensión Pestaña: | 186 páginas ; |
| 999 ## - | |
| -- | 58874 |
| -- | 58874 |
No items available.
